| 000 | 00710nam a2200217 a 4500 | ||
|---|---|---|---|
| 003 | OSt | ||
| 005 | 20130923182239.0 | ||
| 008 | 130923s2003 ag ||||| |||| 00| 0 spa d | ||
| 020 | _a950-710-077-6 | ||
| 040 | _cBiblioteca Medicina | ||
| 041 | _aspa | ||
| 082 | _bMINIST. DE SALUD 0313 | ||
| 110 |
_aMinisterio de Salud _92598 |
||
| 245 | 0 | 0 | _aCarceles Saludables: Promoviendo la Salud para todos |
| 250 | _a1ยบ ed | ||
| 260 |
_aBuenos Aires _bMinisterio de Salud de la Nacion; OPS _c2003 |
||
| 300 | _a99 p. | ||
| 653 | _aCARCELES-SERVICIOS DE SALUD PUBLICA | ||
| 942 |
_2ddc _cPH |
||
| 999 |
_c1661 _d1661 |
||
| 952 |
_40 _00 _bBFM _10 _oMINIST. DE SALUD 0313 _d2013-09-23 _tEj. 1 _8NFIC _70 _cCR _2ddc _yPH _aBFM |
||